[Event "Davos Challenge op"]
[Site "Davos"]
[Date "2022.06.04"]
[Round "2"]
[White "Mattenberger, Dominik"]
[Black "Soham, Das1"]
[Result "0-1"]
[WhiteElo "1645"]
[BlackElo "2332"]
[PlyCount "62"]
[EventDate "2022.06.03"]
[EventType "swiss"]
[EventRounds "7"]
[EventCountry "SUI"]
[SourceTitle "CBM 208 Extra"]
[Source "ChessBase"]
[SourceDate "2022.07.31"]
[SourceVersion "1"]
[SourceVersionDate "2022.07.31"]
[SourceQuality "1"]

1. d4 d5 2. c4 e6 3. Nc3 a6 4. cxd5 exd5 5. Nf3 Nf6 6. Bg5 Be7 7. e3 0-0 8. Bd3 Nbd7 9. Qc2 Re8 10. 0-0 h6 11. Bf4 c5 12. dxc5 Nxc5 13. Rfd1 Be6 14. Nd4 Bd6 15. Bxd6 Qxd6 16. Rac1 Rac8 17. Bf5 b5 18. Bxe6 fxe6 19. Qg6 Ncd7 20. e4 b4 21. Nxd5 Rxc1 22. Rxc1 Qe5 23. Rc7 Rf8 24. Nxf6+ Rxf6 25. Qe8+ Nf8 26. Rd7 Qxe4 27. h3 Kh7 28. Rd8 Qe1+ 29. Kh2 Rxf2 30. Nf3 Qe2 31. Nh4 Qe5+ 0-1

[Event "Davos op 20th"]
[Site "Davos"]
[Date "2021.06.13"]
[Round "5"]
[White "Mattenberger, Dominik"]
[Black "Wolff, Calvin"]
[Result "1/2-1/2"]
[WhiteElo "1570"]
[BlackElo "1318"]
[PlyCount "87"]
[EventDate "2021.06.11"]
[EventType "swiss"]
[EventRounds "5"]
[EventCountry "SUI"]
[SourceTitle "CBM 203 Extra"]
[Source "ChessBase"]
[SourceDate "2021.09.30"]
[SourceVersion "1"]
[SourceVersionDate "2021.09.30"]
[SourceQuality "1"]

1. d4 d5 2. c4 e6 3. Nc3 Be7 4. cxd5 exd5 5. Bf4 a6 6. e3 Nf6 7. Bd3 c5 8. dxc5 Nc6 9. Nf3 Bg4 10. h3 Bh5 11. 0-0 Bxc5 12. Re1 0-0 13. a3 Bd6 14. Bg5 Ne5 15. g4 Nxd3 16. Qxd3 Bg6 17. Qd2 h6 18. Bxf6 Qxf6 19. Qxd5 Rad8 20. Qxb7 Rb8 21. Qd5 Rfd8 22. Kg2 Bxa3 23. Rxa3 Rxd5 24. Nxd5 Qxb2 25. Rxa6 Be4 26. Ne7+ Kh7 27. Ra7 Qf6 28. Nf5 Bxf3+ 29. Kxf3 g6 30. e4 gxf5 31. exf5 Qc3+ 32. Re3 Qc6+ 33. Kg3 Qc1 34. Rxf7+ Kg8 35. Rf6 Qg1+ 36. Kf3 Rb1 37. Rfe6 Qh1+ 38. Kg3 Rg1+ 39. Kh4 Qb7 40. f6 Qd5 41. R3e5 Qd2 42. Kh5 Re1 43. Re8+ Kf7 44. R8e7+ 1/2-1/2